Central Library OPAC University of Rajshahi

Vices and virtues, being a soul's confession of its sins, with reason's description of the virtues : (Record no. 32083)

MARC details
000 -LEADER
fixed length control field 01106nam a2200277 a 4500
001 - CONTROL NUMBER
control field 32083
003 - CONTROL NUMBER IDENTIFIER
rucl marc code BD-RjUL
005 - DATE AND TIME OF LATEST TRANSACTION
control field 20211209051803.0
008 - FIXED-LENGTH DATA ELEMENTS--GENERAL INFORMATION
fixed length control field 140423r 1888enk c 000 0 eng d
035 ## - SYSTEM CONTROL NUMBER
System control number (BD-RjUL)32172
040 ## - CATALOGING SOURCE
Original cataloging agency BD-RjUL
Language of cataloging eng
Transcribing agency BD-RjUL
Modifying agency BD-RjUL
041 ## - LANGUAGE CODE
Language code of text/sound track or separate title eng
082 ## - DEWEY DECIMAL CLASSIFICATION NUMBER
Classification number RA 177
Author mark and year VIC Pt-1 1888
245 00 - TITLE STATEMENT
Title Vices and virtues, being a soul's confession of its sins, with reason's description of the virtues :
Remainder of title a Middle-English dialogue of About 1200 A. D. /
Statement of responsibility, etc. edited by Ferd. Holthausen.
Number of part/section of a work PART-I
260 ## - PUBLICATION, DISTRIBUTION, ETC. (IMPRINT)
Place of publication, distribution, etc. London :
Name of publisher, distributor, etc. Published for the Early English Text Society by the Oxford University Press,
Date of publication, distribution, etc. 1888
300 ## - PHYSICAL DESCRIPTION
Pagination 151 p. :
Size 23 cm
490 1# - SERIES STATEMENT
Series statement Original series / Early English Text Society ;
Volume/sequential designation no. 89, 159
500 ## - GENERAL NOTE
General note First published: London : Trübner, 1888-1921
505 0# - FORMATTED CONTENTS NOTE
Formatted contents note pt.1. - Text and Translation. -- pt.2. - Notes and Glossary.
650 #0 - SUBJECT ADDED ENTRY--TOPICAL TERM
Topical term or geographic name as entry element Vices.
9 (RLIN) 95096
Topical term or geographic name as entry element Virtues.
9 (RLIN) 60392
700 1# - ADDED ENTRY--PERSONAL NAME
Personal name Holthausen, Ferdinand,
Dates associated with a name 1860-1956
830 #0 - SERIES ADDED ENTRY--UNIFORM TITLE
Volume number/sequential designation 89 &c.
830 #0 - SERIES ADDED ENTRY--UNIFORM TITLE
Uniform title Early English Text Society (Series).
942 ## - ADDED ENTRY ELEMENTS (KOHA)
Source of classification or shelving scheme Dewey Decimal Classification
Koha item type Rare Books
Holdings
Lost status Source of classification or shelving scheme Damaged status Not for loan Collection code Permanent Location Current Location Shelving location Date acquired Total Checkouts Full call number Date last seen Copy number Koha item type
  Dewey Decimal Classification   Not For Loan Non-fiction Central Library, University of Rajshahi Central Library, University of Rajshahi Rare Book Section 23/04/2014   RA 177 VIC Pt-1 1888 23/04/2014 C-1 Rare Books